Jeux mathématiques: quelques casse-tête

Αποθηκεύτηκε σε:
Λεπτομέρειες βιβλιογραφικής εγγραφής
Κύριοι συγγραφείς: Gamow, George (Συγγραφέας), Stern, M (Συγγραφέας)
Μορφή: Βιβλίο
Γλώσσα:Γαλλικά
Έκδοση: París Dunod 1961
Θέματα:
Ετικέτες: Προσθήκη ετικέτας
Δεν υπάρχουν, Καταχωρήστε ετικέτα πρώτοι!

MARC

LEADER 00000nam a2200000 a 4500
001 UCP1402
003 CL-VaPUC
008 990409e19610000FR |||||||||||||||||fre|d
082 0 4 |a 793.74  |b GAM  |2 21 
100 |a Gamow, George  |e author  |9 547884 
700 0 |a Stern, M  |e author  |9 427433 
245 1 0 |a Jeux mathématiques: quelques casse-tête 
300 |a 105 p 
942 |c BK 
945 |d 19990409 00:00:00  |a crobeson 
260 |a París  |b Dunod  |c 1961 
650 7 |a MATEMATICAS RECREATIVAS  |2 CL-VaPUC  |9 269273 
650 7 |a JUEGOS MATEMATICOS  |2 CL-VaPUC  |9 427434 
650 0 |a Matemáticas  |x Enseñanza  |9 875527 
583 |a last modification  |c 19990409 00:00:00  |k Rodrigo Vera 
999 |c 280082  |d 280080 
952 |0 0  |1 0  |4 0  |6 793_740000000000000_GAM_1961  |7 0  |8 A  |9 320083  |a BIBMAT  |b BIBMAT  |d 2019-11-20  |i 1340506  |o 793.74 GAM 1961  |p 1340506  |r 2025-01-07  |w 2019-11-20  |y BK  |k MAT